000 00700cam a22002293a 4500
001 10574
003 PGUSA
005 20140828083226.0
008 040101s2004||||xxu|||||s|||||000 | eng d
040 _aPGUSA
_beng
042 _adc
050 4 _aDA
100 1 _aHume, David,
_d1711-1776
245 1 4 _aThe History of England, Volume I :
_bFrom the Invasion of Julius Caesar to the Revolution in 1688
_h[electronic resource] /
_cDavid Hume
260 _bProject Gutenberg,
_c2004
506 _aPublic domain in the USA.
516 _aElectronic text
653 _aGreat Britain -- History
830 0 _aProject Gutenberg
_v10574
856 4 0 _uhttp://www.gutenberg.org/ebooks/10574
942 _cEB
999 _c239829
_d239829